000
00266nam a2200109Ia 4500
008
230822s2006 xx 000 0 und d
041
_a
eng
100
_a
MURTHY.S.
245
_a
WISE & OTHERWISE A SALUTE OF LIFE
260
_b
PENGUIN BOOKS LTD
_c
2006
300
_a
220
999
_c
858613
_d
858613